Kraje śródlądowe graniczące ze sobą - Statystyki

Ogólne statystyki
  • Ten quiz został rozwiązany 51 razy
  • Średni wynik to 26 z 33
Statystyki odpowiedzi
Kraj % Poprawnych
Czechy
100%
Słowacja
98%
Austria
93%
Szwajcaria
93%
Węgry
93%
Liechtenstein
90%
Serbia
90%
Kosowo
88%
Tadżykistan
85%
Uzbekistan
85%
Afganistan
83%
Czad
83%
Kazachstan
83%
Kirgistan
83%
Niger
83%
Turkmenistan
83%
Macedonia Północna
80%
Paragwaj
80%
Republika Środkowoafrykańska
80%
Sudan Południowy
80%
Boliwia
78%
Rwanda
78%
Uganda
78%
Burkina Faso
76%
Mali
76%
Zimbabwe
73%
Burundi
71%
Malawi
71%
Zambia
71%
Etiopia
68%
Botswana
63%
Armenia
51%
Azerbejdżan
51%
Nie znaleziono quizów pasujących do podanych kryteriów
Rozkład punktacji
Procent ludzi z każdym wynikiem
Percentyl według liczby udzielonych odpowiedzi
Twoja historia wyników
Nie rozwiązałeś tego quizu